Movies Quiz

Random Movies or Clickable Quiz

60s Best Picture Nominations Quiz Stats

 Plays Quiz not verified by Sporcle

Challenge
Share
Tweet
Embed
Score 0/50 Timer 03:00
0 Plays Today
% Correct
My Fair Lady
89.4%
The Sound of Music
89.4%
In the Heat of the Night
87.2%
To Kill a Mockingbird
85.1%
Doctor Zhivago
85.1%
A Man for All Seasons
85.1%
Bonnie and Clyde
85.1%
The Graduate
85.1%
Guess Who's Coming to Dinner
85.1%
The Apartment
83%
Who's Afraid of Virginia Woolf?
83%
Lawrence of Arabia
80.9%
Mary Poppins
80.9%
The Lion in Winter
80.9%
Butch Cassidy and the Sundance Kid
80.9%
Tom Jones
78.7%
Funny Girl
78.7%
The Hustler
76.6%
Oliver!
76.6%
Romeo and Juliet
76.6%
West Side Story
74.5%
Judgment at Nuremberg
74.5%
Midnight Cowboy
74.5%
Elmer Gantry
70.2%
Cleopatra
70.2%
% Correct
Lilies of the Field
70.2%
Dr. Strangelove
70.2%
Hello, Dolly!
70.2%
Becket
68.1%
Darling
66%
The Sand Pebbles
61.7%
Anne of the Thousand Days
61.7%
The Guns of Navarone
59.6%
How the West Was Won
59.6%
Ship of Fools
59.6%
Rachel, Rachel
59.6%
Z
57.4%
Sons and Lovers
55.3%
The Longest Day
55.3%
The Music Man
55.3%
Alfie
55.3%
The Russians Are Coming, the Russians Are Coming
55.3%
Doctor Dolittle
55.3%
Zorba the Greek
53.2%
The Sundowners
51.1%
America America
51.1%
A Thousand Clowns
48.9%
Mutiny on the Bounty
46.8%
Fanny
44.7%
The Alamo
42.6%

You're not logged in!

Compare scores with friends on all Sporcle quizzes.
Join for Free
OR
Log In

You Might Also Like...

Show Comments

Extras

Top Quizzes Today


Score Distribution

Your Account Isn't Verified!

In order to create a playlist on Sporcle, you need to verify the email address you used during registration. Go to your Sporcle Settings to finish the process.

Report this User

Report this user for behavior that violates our Community Guidelines.

Details: